000 00538nam a2200217Ia 4500
003 OSt
005 20220923230843.0
006 a|||||r|||| 00| 0
007 ta
008 Pun
024 _a306,082
037 _cTextual
040 _aARTS
_cARTS
_bPun
041 _2Pun
_aPun
082 _aO153,6x, M8
100 _aਅਮੋਲ, ਸ. ਸ., ਥਦ.
245 0 _aਇਤਿਹਾਸਕ ਯਾਦਾਂ
260 _c1988
942 _hO153,6x, M8
_cTEXL
_2CC
999 _c387869
_d387869